| 000 | 00404pab a2200169 454500 | ||
|---|---|---|---|
| 008 | 180718b2000 xxu||||| |||| 00| 0 eng d | ||
| 100 | _aMalik, M.S. | ||
| 245 | _aEconomic reforms and effect on poverty | ||
| 260 | _c2000 | ||
| 300 | _ap.10-18 | ||
| 362 | _aJul | ||
| 650 | _aPoverty - India | ||
| 650 | _aEconomic reform - India | ||
| 650 | _aEconomic reform | ||
| 773 | _aYojana | ||
| 909 | _a45237 | ||
| 999 |
_c45237 _d45237 |
||